书目信息 |
| 题名: |
沙皇俄国侵略扩张史
|
|
| 作者: | ;北京大学历史系 编 | |
| 分册: | 上 | |
| 出版信息: | 北京 人民出版社 1979 |
|
| 页数: | 384页 | |
| 开本: | 20cm | |
| 丛书名: | ||
| 单 册: | ||
| 中图分类: | K512.4 | |
| 科图分类: | ||
| 主题词: | 侵略扩张--沙俄--文集 , 东欧--历史 , 中欧--历史 | |
| 电子资源: | ||
| ISBN: | ||
| 000 | 00731nam0 2200253 45 | |
| 001 | 0179001385 | |
| 005 | 20060725152758.92 | |
| 010 | @dCNY1.00 | |
| 091 | @aCN@b11001.366 | |
| 100 | @a19950714d1979 em y0chiy0121 ea | |
| 101 | 0 | @achi |
| 102 | @aCN@b110000 | |
| 105 | @ay z 000yy | |
| 200 | 10 | @a沙皇俄国侵略扩张史@Asha huang e guo qin lue kuo zhang shi@h上@f北京大学历史系《沙皇俄国侵略扩张史》编写组编 |
| 210 | @a北京@c人民出版社@d1979 | |
| 215 | @a384页@d20cm | |
| 606 | @a侵略扩张@y沙俄@x文集 | |
| 606 | 0 | @a东欧@x历史 |
| 606 | 0 | @a中欧@x历史 |
| 610 | 0 | @a俄国@a扩张 |
| 690 | @aK512.4@v3 | |
| 711 | 02 | @a北京大学历史系@Abei jing da xue li shi xi@4编 |
| 801 | 0 | @aCN@bTSSF@c20060725 |
| 905 | @a10447@dK512.4@e34:1 | |
| 沙皇俄国侵略扩张史.上/北京大学历史系《沙皇俄国侵略扩张史》编写组编.-北京:人民出版社,1979 |
| 384页;20cm |
| ISBN :CNY1.00 |
| ● |
| 相关链接 |
|
|
|
|
正题名:沙皇俄国侵略扩张史
索取号:K512.4/34:1
 
预约/预借
| 序号 | 登录号 | 条形码 | 馆藏地/架位号 | 状态 | 备注 |
| 1 | 0436199 | 204361993 | 密集书库/ [索取号:K512.4/34:1] | 在馆 |